000 00305nam a22001217a 4500
008 170622b xxu||||| |||| 00| 0 eng d
041 _aeng
080 _a328
100 _a21
101 _aSHP
245 _aTHE GOVERNMENT PROCESS POLITICAL INTERES AND PUBLIC OPINION
_cTRUMAN.D.B
942 _2udc
_cBK
999 _c18819
_d18819